[Event "BAN-chT2"]
[Site "Dhaka"]
[Date "2022.07.23"]
[Round "6.4"]
[White "Reasat, E Noor"]
[Black "Md Anisur, Rahman"]
[Result "1/2-1/2"]
[WhiteElo "1844"]
[BlackElo "1820"]
[PlyCount "100"]
[EventDate "2022.07.18"]
[EventType "team-swiss"]
[EventRounds "9"]
[EventCountry "BAN"]
[SourceTitle "EXT 2023"]
[Source "ChessBase"]
[SourceDate "2022.10.05"]
[SourceVersion "1"]
[SourceVersionDate "2022.10.05"]
[SourceQuality "1"]
[WhiteTeam "Bangladesh Chess Arena"]
[BlackTeam "Bangladesh Police Prime"]
[WhiteTeamCountry "BAN"]
[BlackTeamCountry "BAN"]

1. d4 d5 2. c4 e6 3. Nc3 Nf6 4. cxd5 exd5 5. Bg5 Be7 6. e3 c6 7. Bd3 0-0 8. Nge2 Bg4 9. f3 Be6 10. Qc2 h6 11. h4 Nbd7 12. g4 Ne8 13. Bxe7 Qxe7 14. 0-0-0 b5 15. g5 h5 16. Nf4 Nd6 17. b3 a5 18. e4 dxe4 19. fxe4 a4 20. Nxe6 axb3 21. axb3 fxe6 22. Rhf1 Nb7 23. Qb2 Qb4 24. Na2 Qd6 25. e5 Qc7 26. Qe2 Qa5 27. Bb1 Qa3+ 28. Qb2 Qxb2+ 29. Kxb2 Rxf1 30. Rxf1 Rf8 31. Rxf8+ Nxf8 32. Be4 Nd8 33. g6 Nd7 34. b4 Nb6 35. Bf3 Nc4+ 36. Kc3 Ne3 37. Bxh5 Nf5 38. Bf3 Nxh4 39. Be4 Kf8 40. Nc1 Ke7 41. Ne2 Nf5 42. Kd3 Kf8 43. Kd2 Ne7 44. Nf4 Nd5 45. Nd3 Nb7 46. Bf3 Nd8 47. Be4 Ke7 48. Bf3 Kf8 49. Be4 Ke7 50. Bf3 Kf8 1/2-1/2

[Event "BAN-chT2"]
[Site "Dhaka"]
[Date "2022.07.18"]
[Round "1.2"]
[White "Reasat, E Noor"]
[Black "Faysal, Yousuf"]
[Result "1-0"]
[WhiteElo "1844"]
[BlackElo "1518"]
[PlyCount "36"]
[EventDate "2022.07.18"]
[EventType "team-swiss"]
[EventRounds "9"]
[EventCountry "BAN"]
[SourceTitle "EXT 2023"]
[Source "ChessBase"]
[SourceDate "2022.10.05"]
[SourceVersion "1"]
[SourceVersionDate "2022.10.05"]
[SourceQuality "1"]
[WhiteTeam "Bangladesh Chess Arena"]
[BlackTeam "Manha's Castle"]
[WhiteTeamCountry "BAN"]
[BlackTeamCountry "BAN"]

1. d4 d5 2. c4 c6 3. Nc3 Nf6 4. e3 Bf5 5. cxd5 cxd5 6. Qb3 Qd7 7. Nf3 e6 8. Ne5 Qc8 9. Bd2 Nbd7 10. Rc1 Qb8 11. Nb5 Bd6 12. Rc8+ Ke7 13. Rxb8 Rhxb8 14. Nxd6 Kxd6 15. Bb4+ Kc7 16. Qc3+ Kd8 17. Nxf7+ Ke8 18. Nd6+ Kd8 1-0

[Event "Joytu Sheikh Hasina Online op"]
[Site "Chess.com INT"]
[Date "2020.09.26"]
[Round "7"]
[White "Reasat, E Noor"]
[Black "Sultana, Sharmin Shirin"]
[Result "1-0"]
[WhiteElo "1845"]
[BlackElo "2002"]
[PlyCount "105"]
[EventDate "2020.09.24"]
[EventType "swiss"]
[EventRounds "9"]
[EventCountry "BAN"]
[SourceTitle "EXT 2022"]
[Source "ChessBase"]
[SourceDate "2021.10.06"]
[SourceVersion "1"]
[SourceVersionDate "2021.10.06"]
[SourceQuality "1"]

1. d4 d5 2. Nf3 Nf6 3. e3 Bg4 4. Nbd2 c6 5. Bd3 Nbd7 6. h3 Bh5 7. g4 Bg6 8. Qe2 Qc7 9. a4 Bxd3 10. cxd3 e5 11. g5 Ng8 12. b3 Ne7 13. Bb2 exd4 14. Nxd4 h6 15. Qh5 Qd6 16. f4 Qg6 17. Qxg6 Nxg6 18. N2f3 0-0-0 19. Kd2 Bb4+ 20. Bc3 Bxc3+ 21. Kxc3 Ne7 22. h4 a6 23. b4 Rde8 24. a5 Kb8 25. Rae1 c5 26. bxc5 Rc8 27. Kb4 Nxc5 28. Rd1 hxg5 29. Nxg5 f6 30. Nge6 Nxe6 31. Nxe6 Nc6+ 32. Ka4 Rhe8 33. f5 Re7 34. Rhg1 g6 35. Rxg6 Ne5 36. Rxf6 Rc3 37. Nf4 Nc6 38. Nxd5 Rc2 39. Nxe7 Nxe7 40. Rf8+ Ka7 41. f6 Nc6 42. f7 Ra2+ 43. Kb3 Rxa5 44. Ra8+ Kxa8 45. f8Q+ Ka7 46. h5 Rxh5 47. Rg1 Rb5+ 48. Kc3 Re5 49. Rg7 Rb5 50. Qf7 Na5 51. e4 Nc6 52. d4 a5 53. Qc4 1-0

[Event "Joytu Sheikh Hasina Online op"]
[Site "Chess.com INT"]
[Date "2020.09.24"]
[Round "2"]
[White "Reasat, E Noor"]
[Black "Thing, Bibek"]
[Result "0-1"]
[WhiteElo "1845"]
[BlackElo "2222"]
[PlyCount "48"]
[EventDate "2020.09.24"]
[EventType "swiss"]
[EventRounds "9"]
[EventCountry "BAN"]
[SourceTitle "EXT 2022"]
[Source "ChessBase"]
[SourceDate "2021.10.06"]
[SourceVersion "1"]
[SourceVersionDate "2021.10.06"]
[SourceQuality "1"]

1. e4 c5 2. Nf3 d6 3. d4 cxd4 4. Nxd4 Nf6 5. Nc3 a6 6. Bc4 e6 7. Bb3 Nbd7 8. Bg5 Nc5 9. 0-0 Be7 10. Qf3 Qc7 11. Rad1 0-0 12. Rfe1 b5 13. Qg3 b4 14. Bxf6 Bxf6 15. Nce2 Nxe4 16. Qd3 Bb7 17. Qh3 a5 18. Bxe6 Ng5 19. Bxf7+ Qxf7 20. Qd3 Bxd4 21. Qxd4 Nf3+ 22. gxf3 Qxf3 23. Qc4+ Kh8 24. Nf4 Qh1# 0-1

[Event "Dhaka IRT U2000"]
[Site "Dhaka"]
[Date "2018.02.19"]
[Round "6"]
[White "Mihir Lal, Das"]
[Black "Reasat, E Noor"]
[Result "1-0"]
[WhiteElo "1967"]
[BlackElo "1882"]
[PlyCount "130"]
[EventDate "2018.02.14"]
[EventType "swiss"]
[EventRounds "9"]
[EventCountry "BAN"]
[SourceTitle "EXT 2024"]
[Source "ChessBase"]
[SourceDate "2023.10.10"]
[SourceVersion "1"]
[SourceVersionDate "2023.10.10"]
[SourceQuality "1"]

1. g3 Nf6 2. Bg2 g6 3. d3 Bg7 4. Bg5 0-0 5. Nf3 d6 6. 0-0 Nbd7 7. c4 c6 8. Nc3 e5 9. Qd2 Qc7 10. Bh6 a5 11. Bxg7 Kxg7 12. b3 Nc5 13. d4 Nce4 14. Nxe4 Nxe4 15. Qb2 Re8 16. Rad1 f5 17. dxe5 dxe5 18. Nd2 Nxd2 19. Rxd2 Kg8 20. Rfd1 Be6 21. Rd6 e4 22. Qe5 Qg7 23. Qf4 Qe7 24. c5 Bd5 25. e3 Rad8 26. Bf1 Rxd6 27. cxd6 Qe6 28. Bc4 Rd8 29. Bxd5 cxd5 30. Rc1 Rxd6 31. Rc7 Rd7 32. Rc8+ Kg7 33. Qb8 Kf6 34. h4 Qd6 35. Rf8+ Kg7 36. Rg8+ Kf6 37. Qe8 Rf7 38. Qb5 b6 39. Rc8 Rc7 40. Rxc7 Qxc7 41. Qxd5 Qc5 42. Qg8 Qc7 43. Kg2 Qd7 44. Qb8 Qc6 45. Qh8+ Ke6 46. Qxh7 Kd5 47. Qf7+ Ke5 48. Qg8 b5 49. Qd8 a4 50. Qd4+ Ke6 51. bxa4 bxa4 52. Qb4 Qc2 53. a3 Qb3 54. Qc5 Qd1 55. Qb6+ Kf7 56. Qa7+ Kf6 57. Qd4+ Qxd4 58. exd4 Ke6 59. f3 Kd5 60. g4 Kxd4 61. h5 fxg4 62. hxg6 gxf3+ 63. Kf1 Kd3 64. g7 e3 65. g8Q e2+ 1-0

[Event "Dhaka IRT U2000"]
[Site "Dhaka"]
[Date "2018.02.18"]
[Round "5"]
[White "Reasat, E Noor"]
[Black "Husain, Ejaz"]
[Result "1-0"]
[WhiteElo "1882"]
[BlackElo "1995"]
[PlyCount "81"]
[EventDate "2018.02.14"]
[EventType "swiss"]
[EventRounds "9"]
[EventCountry "BAN"]
[SourceTitle "EXT 2024"]
[Source "ChessBase"]
[SourceDate "2023.10.10"]
[SourceVersion "1"]
[SourceVersionDate "2023.10.10"]
[SourceQuality "1"]

1. e4 c5 2. Nf3 Nc6 3. d4 cxd4 4. Nxd4 Qc7 5. Nc3 e6 6. Be3 a6 7. Qd2 Nf6 8. f3 Bb4 9. 0-0-0 Ne5 10. g4 Bxc3 11. bxc3 Nc4 12. Bxc4 Qxc4 13. Nb3 0-0 14. Bd4 Ne8 15. Qe3 Qa4 16. Kb2 Nd6 17. Ka1 Nc4 18. Qg5 f6 19. Qc5 b6 20. Qb4 Qc6 21. Nd2 Nxd2 22. Rxd2 Rb8 23. Bf2 a5 24. Qa3 d5 25. exd5 exd5 26. Re1 Ba6 27. Bd4 Bc4 28. h4 Rbc8 29. g5 b5 30. gxf6 b4 31. Qb2 bxc3 32. Qxc3 Qb5 33. Rg1 Rf7 34. Rdg2 g6 35. h5 g5 36. Rxg5+ Kf8 37. Rg7 Qa4 38. a3 Rxg7 39. Rxg7 Re8 40. Re7 Kg8 41. f7+ 1-0

[Event "BAN-chT2"]
[Site "Dhaka"]
[Date "2017.10.26"]
[Round "5.1"]
[White "Reasat, E Noor"]
[Black "Noshin, Anjum"]
[Result "0-1"]
[WhiteElo "1849"]
[BlackElo "1660"]
[PlyCount "90"]
[EventDate "2017.10.22"]
[EventType "team-swiss"]
[EventRounds "7"]
[EventCountry "BAN"]
[SourceTitle "CBM 181 Extra"]
[Source "ChessBase"]
[SourceDate "2017.12.12"]
[SourceVersion "1"]
[SourceVersionDate "2017.12.12"]
[SourceQuality "1"]
[WhiteTeam "Chess Q"]
[BlackTeam "Elegant Int CA Green"]
[WhiteTeamCountry "BAN"]
[BlackTeamCountry "BAN"]

1. d4 d5 2. c4 c6 3. Nf3 Nf6 4. e3 e6 5. Nbd2 Nbd7 6. Bd3 dxc4 7. Nxc4 b5 8. Nce5 Bb7 9. 0-0 Bd6 10. e4 Be7 11. Bg5 a6 12. b4 Bxb4 13. Nxf7 Kxf7 14. e5 Be7 15. exf6 Bxf6 16. Bf4 c5 17. Ne5+ Nxe5 18. dxe5 Qd5 19. Qg4 Bxe5 20. Bxe5 Qxe5 21. Rfe1 Qf6 22. Qh5+ g6 23. Qxc5 Rac8 24. Qb6 Qe7 25. Be4 Bxe4 26. Rxe4 Rc2 27. Rf4+ Kg7 28. Qd4+ e5 29. Qe3 Qc5 30. Qxc5 Rxc5 31. Re4 Rhc8 32. g3 Rc1+ 33. Rxc1 Rxc1+ 34. Kg2 Rc2 35. a4 Rc4 36. Rxc4 bxc4 37. Kf3 Kf6 38. Ke4 Ke6 39. Ke3 Kd5 40. Kd2 Kd4 41. h3 e4 42. a5 h6 43. Kc2 c3 44. h4 h5 45. Kc1 Kd3 0-1

[Event "Dhaka Powertec op-B"]
[Site "Dhaka"]
[Date "2017.07.23"]
[Round "9"]
[White "Hasan, Sk Rashedul"]
[Black "Reasat, E Noor"]
[Result "1-0"]
[WhiteElo "1994"]
[BlackElo "1849"]
[PlyCount "75"]
[EventDate "2017.07.15"]
[EventType "swiss"]
[EventRounds "9"]
[EventCountry "BAN"]
[SourceTitle "EXT 2018"]
[Source "ChessBase"]
[SourceDate "2017.10.13"]
[SourceVersion "1"]
[SourceVersionDate "2017.10.13"]
[SourceQuality "1"]

1. e4 c5 2. Nf3 d6 3. d4 cxd4 4. Nxd4 Nf6 5. Nc3 a6 6. Bg5 e6 7. f4 h6 8. Bh4 Be7 9. Bf2 Qc7 10. Qf3 Nbd7 11. 0-0-0 b5 12. e5 Bb7 13. Qg3 dxe5 14. fxe5 Qxe5 15. Qxg7 Qg5+ 16. Qxg5 hxg5 17. h3 b4 18. Na4 Ne4 19. Be1 Rc8 20. Be2 Nec5 21. Nxc5 Bxc5 22. Bf3 Bxf3 23. Nxf3 f6 24. Rf1 Ke7 25. Kb1 a5 26. Nd2 Nb6 27. Ne4 Nd5 28. Bg3 Rhd8 29. Rde1 Bd4 30. Bf2 Bxf2 31. Rxf2 Nf4 32. h4 Rc4 33. b3 Rcd4 34. hxg5 fxg5 35. Nxg5 Rg8 36. Nf3 Rd6 37. Nh4 Rg4 38. Rxf4 1-0